| 000 | 00529cam a2200145I 4500 | ||
|---|---|---|---|
| 082 |
_a923.141 _bLEE |
||
| 100 | 1 |
_aLee, Sidney, _949950 |
|
| 245 | 1 | 0 |
_aKing Edward VII; _ba biography, _cby Sir Sidney Lee ... |
| 260 |
_aNew York, _bThe Macmillan Company, _c1925-27. |
||
| 300 |
_a2 v. _bfronts., ports., maps, facsims., fold. geneal. tab. _c24 cm. |
||
| 505 | 0 | _aI. From birth to accession.--II. The reign, 22nd January, 1901 to 6th May, 1910. | |
| 526 |
_a0 _b0 _c0 _d923_141000000000000_LEE |
||
| 650 |
_aMCE _9379 |
||
| 942 |
_2ddc _cBK |
||
| 999 |
_c552816 _d552816 |
||